00585 2200205 4500001002100000005001500021035002000036007000300056008004100059020001800100082001000118084001600128245008200144250001400226260004400240300002600284650001800310856003100328990002000359INLIS00000000114531920220421100727 a0010-0422000484ta220421 0 ind  a979-8034-79-1 a297.2 a297.2 NAS t aTeologi Islam :bAliran Aliran Sejarah Analisa Perbandingan /cHarun Nasution acetakan 1 aJakarta :bUniversitas Indonesia,c1986 a156 hlm ;c14 x 22 cm 4aTeologi Islam aPerpustakaan Kota Makassar a/00176/00200176